000
00261nam a2200109Ia 4500
008
201231s9999 xx 000 0 und d
100
_a
Tod, James
245
0
_a
Travels in Western India
260
_a
New Delhi
_b
Munshiram Manoharlal
300
_a
568
942
_c
BK
999
_c
9597
_d
9597